अभिनय कसा करावा ( RC ) (Record no. 418311)

MARC details
000 -LEADER
fixed length control field 00580nam a2200181Ia 4500
008 - FIXED-LENGTH DATA ELEMENTS--GENERAL INFORMATION
fixed length control field 100122s9999 xx 000 0 und d
082 ## - DEWEY DECIMAL CLASSIFICATION NUMBER
Item number 34855
Classification number 792.028
100 ## - MAIN ENTRY--PERSONAL NAME
Personal name जागीरदार गजानन
245 ## - TITLE STATEMENT
Title अभिनय कसा करावा ( RC )
250 ## - EDITION STATEMENT
Edition statement 1
260 ## - PUBLICATION, DISTRIBUTION, ETC. (IMPRINT)
Name of publisher, distributor, etc इंडिया बुक कं
Date of publication, distribution, etc 1983
300 ## - PHYSICAL DESCRIPTION
Extent 188
520 ## - SUMMARY, ETC.
Summary, etc RC = Replaced copy
620 ## -
-- RC = Replaced copy
630 ## - SUBJECT ADDED ENTRY--UNIFORM TITLE
Uniform title अभिनय कसा करावा ( RC )
730 ## - ADDED ENTRY--UNIFORM TITLE
Uniform title अभिनय कसा करावा ( RC )
942 ## - ADDED ENTRY ELEMENTS (KOHA)
Koha item type Book
Holdings
Withdrawn status Lost status Damaged status Not for loan Home library Current library Date acquired Cost, normal purchase price Total Checkouts Full call number Barcode Date last seen Cost, replacement price Price effective from Koha item type Public note
        S.V. Pathak Library, Vile Parle S.V. Pathak Library, Vile Parle 08/21/1983 35.00   34855 SVPPARLE-34855 01/25/2010 35.00 01/25/2010 Book General NA